[Event "Wroclaw Anderssen Memorial"]
[Site "Wroclaw"]
[Date "2021.07.31"]
[Round "1"]
[White "Borkowski, Franciszek"]
[Black "Van der Have, Jerome"]
[Result "1-0"]
[WhiteElo "2257"]
[BlackElo "1296"]
[PlyCount "69"]
[EventDate "2021.07.31"]
[EventType "swiss (rapid)"]
[EventRounds "9"]
[EventCountry "POL"]
[SourceTitle "CBM 203 Extra"]
[Source "ChessBase"]
[SourceDate "2021.09.30"]
[SourceVersion "1"]
[SourceVersionDate "2021.09.30"]
[SourceQuality "1"]

1. e4 e6 2. d4 d5 3. Nc3 c5 4. Nf3 Nc6 5. exd5 exd5 6. Bb5 Nf6 7. 0-0 Be7 8. dxc5 0-0 9. Bg5 Be6 10. Nd4 Nxd4 11. Qxd4 Rc8 12. b4 a6 13. Bd3 h6 14. Bh4 Ng4 15. Bxe7 Qxe7 16. Nxd5 Qd7 17. c4 Rfd8 18. h3 Bxd5 19. hxg4 Be6 20. Qxd7 Rxd7 21. Be2 Rd2 22. Bf3 Bxc4 23. Rfd1 Rcd8 24. Rxd2 Rxd2 25. Bxb7 Rb2 26. c6 Rxb4 27. c7 Be6 28. c8Q+ Bxc8 29. Bxc8 a5 30. f3 Kf8 31. a3 Rb2 32. Re1 Ra2 33. Bd7 g6 34. a4 Kg7 35. Re5 1-0